000 00395nam a2200145Ia 4500
008 231129s1991||||xx |||||||||||||| ||spa||
020 _a958-9096-19-0
040 _bspa
082 _a398.098625 H557s
100 _aHernandez Carlos Nicolas
245 0 _aSantander y su folklore
260 _c1991
264 _aTres Culturas Editores
942 _2ddc
_cBKS
999 _c24342
_d24342